Quản lý Nhà nước đối với các tổ chức xã hội và dịch vụ thể dục thể thao
Nội dung sách giới thiệu về quản lý nhà nước đối với tổ chức xã hội, tổ chức xã hội - nghề nghiệp về thể dục thể thao. Quản lý nhà nước đối với các tổ chức cung ứng dịch vụ về thể dục thể thao và các tổ chức xã hội, tổ...
Đã lưu trong:
| 主要作者: | |
|---|---|
| 格式: | 圖書 |
| 語言: | Undetermined |
| 出版: |
Hà Nội
Thể Dục Thể Thao
2015
|
| 主題: | |
| 標簽: |
添加標簽
沒有標簽, 成為第一個標記此記錄!
|
| Thư viện lưu trữ: | Trung tâm Học liệu Trường Đại học Cần Thơ |
|---|
| LEADER | 01258nam a2200205Ia 4500 | ||
|---|---|---|---|
| 001 | CTU_216083 | ||
| 008 | 210402s9999 xx 000 0 und d | ||
| 082 | |a 796.0694 | ||
| 082 | |b L462 | ||
| 100 | |a Vũ, Trọng Lợi | ||
| 245 | 0 | |a Quản lý Nhà nước đối với các tổ chức xã hội và dịch vụ thể dục thể thao | |
| 245 | 0 | |c Vũ Trọng Lợi | |
| 260 | |a Hà Nội | ||
| 260 | |b Thể Dục Thể Thao | ||
| 260 | |c 2015 | ||
| 520 | |a Nội dung sách giới thiệu về quản lý nhà nước đối với tổ chức xã hội, tổ chức xã hội - nghề nghiệp về thể dục thể thao. Quản lý nhà nước đối với các tổ chức cung ứng dịch vụ về thể dục thể thao và các tổ chức xã hội, tổ chức xã hội - nghề nghiệp về thể dục thể thao ở Việt Nam (tính đến tháng 10 năm 2015). | ||
| 650 | |a Sports,Sports administration,Thể thao,Quản lý thể thao | ||
| 650 | |z Vietnam,Vietnam,Việt Nam,Việt Nam | ||
| 904 | |i Qhieu - Linh, Sương | ||
| 980 | |a Trung tâm Học liệu Trường Đại học Cần Thơ | ||